Utwory Kukona z albumu "Piękny ból" - Statystyki

Ogólne statystyki
  • Ten quiz został rozwiązany 309 razy
  • Średni wynik to 7 z 11
Statystyki odpowiedzi
Numer utworu Nazwa utworu % Poprawnych
10 Kocham Cię
86%
6 Ostatni bal
85%
7 Ciężkie łezki
69%
8 Lekkie łezki
69%
2 Lady Gaga
67%
11 - bonus track Martwe Modelki
65%
3 Maskotka
64%
5 Rozmazany ból
62%
4 Seks w ciuchach
59%
1 Porshe
58%
9 Panna wampir
56%
Nie znaleziono quizów pasujących do podanych kryteriów
Rozkład punktacji
Procent ludzi z każdym wynikiem
Percentyl według liczby udzielonych odpowiedzi
Twoja historia wyników
Nie rozwiązałeś tego quizu